Culture générale - Depuis quand ? *2* - Statistiques

Statistiques générales
  • Ce quiz a été pris 67 fois
  • Le résultat moyen est 4 sur 15
Statistiques - réponses
Hint Explanation Réponse % Correct
peut-on monter sur la Tour Eiffel Créée pour l'Exposition universelle 1889
67%
va-t-on prier dans la Sainte Chapelle de Paris ? Créée par St Louis 1241
45%
la France n'a-t-elle plus de roi ? Après la révolution de 1848 1848
42%
l'Espagne est-elle redevenue une monarchie ? Avec le règne de Juan Carlos 1975
36%
peut-on voir la messe de minuit à la télévision ? A Notre-Dame de Paris 1948
27%
acheter une baguette dans un distribution Invention de JL et JC Hecht 2014
27%
ne peut-on plus interroger l'Horloge parlante ? Elle existait depuis 1933 2022
25%
produit-on de l'électricité avec la force de la mer Usine marémotrice de la Rance 1966
24%
boit-on du champagne pétillant ? Invention de Dom Pérignon 1688
22%
va-t-on faire ses courses au Bon Marché à Paris ? Créé par P et J Videau 1838
18%
dispose-t-on d'allumettes ? Invention de JJL Chancel 1805
15%
sait-on féconder artificiellement des oeufs de poisson Invention de Dom Pinchon 1420
11%
existe le microfilm ? Invention de René Dragon 1859
9%
est-il possible d'envoyer un télégramme ? Invention de Chappe 1794
7%
peut-on naviguer sur un bateau à vapeur ? Invention de John Fitch 1786
4%
Aucun quiz correspondant
Distribution des résultats
% des personnes avec chaque résultat
Percentile par nombre de réponses
Votre historique - résultats
Vous n’avez pas pris ce quiz